Tự học tiếng Thái cho người mới bắt đầu
Gồm 15 bài đối thoại, hướng dẫn cách phát âm, từ ngữ, ngữ pháp và bài tập luyện ngữ pháp. Trình bảng mẫu tự chữ viết Thái
সংরক্ষণ করুন:
| বিন্যাস: | গ্রন্থ |
|---|---|
| ভাষা: | Undetermined |
| প্রকাশিত: |
Thành phố Hồ Chí Minh
Tổng hợp Thành phố Hồ Chí Minh
2012
|
| বিষয়গুলি: | |
| ট্যাগগুলো: |
ট্যাগ যুক্ত করুন
কোনো ট্যাগ নেই, প্রথমজন হিসাবে ট্যাগ করুন!
|
| Thư viện lưu trữ: | Trung tâm Học liệu Trường Đại học Cần Thơ |
|---|
| LEADER | 00857nam a2200205Ia 4500 | ||
|---|---|---|---|
| 001 | CTU_188237 | ||
| 008 | 210402s9999 xx 000 0 und d | ||
| 020 | |c 40000 | ||
| 082 | |a 495.91 | ||
| 082 | |b T550 | ||
| 245 | 0 | |a Tự học tiếng Thái cho người mới bắt đầu | |
| 245 | 0 | |c Nhân văn Group | |
| 260 | |a Thành phố Hồ Chí Minh | ||
| 260 | |b Tổng hợp Thành phố Hồ Chí Minh | ||
| 260 | |c 2012 | ||
| 520 | |a Gồm 15 bài đối thoại, hướng dẫn cách phát âm, từ ngữ, ngữ pháp và bài tập luyện ngữ pháp. Trình bảng mẫu tự chữ viết Thái | ||
| 650 | |a Thailand language,Tiếng Thái | ||
| 650 | |x Study and teaching,Dạy và học | ||
| 910 | |a Hải | ||
| 980 | |a Trung tâm Học liệu Trường Đại học Cần Thơ | ||